000 00544nam a2200181Ia 4500
005 20250508154809.0
008 008 250505s9999 xx 000 0 eng d
037 _aTextual
040 _aFEDL
_beng
_cFEDL
041 _aeng
_2eng
084 _a808, HAR
_qFEDL
100 _aHarney J Q
_9766096
245 0 _aGroundwork for writing: A course in descriptive writing for younger students
260 _aLondon, UK
_bLongmans, Green and Co.
_c1967
300 _aviii,151p
942 _cTEXL
_h808, HAR
999 _c1352170
_d1352170